000 00316nam a22001097a 4500
999 _c1714
_d1714
005 20200903110221.0
008 200903b ||||| |||| 00| 0 eng d
040 _cCML
245 _aMan and Space.
_cClarke, A.C.
260 _aNederland
_bTime-Life International
_c1965
942 _2ddc
_cBK
_h629.4
_mCLA